Save That Shit - Lil Peep (Full lyrics) - Statistics

General Stats
  • This quiz has been taken 54 times
  • The average score is 289 of 354
Answer Stats
Lyrics % Correct
me
95%
that,
95%
that
95%
you
95%
You
95%
Do
93%
Don't
93%
don't
93%
save
93%
can
90%
I
90%
my
90%
shit
90%
tell
90%
All
85%
make
85%
the
85%
there,
83%
want
83%
baby,
80%
Baby,
80%
can't
80%
Fuck
80%
is
80%
life,
80%
like
80%
rich
80%
she
80%
take
80%
this,
80%
this
80%
always
78%
back
78%
back?
78%
for
78%
gettin'
78%
girl
78%
it
78%
nothin'
78%
Nothin'
78%
sad
78%
way
78%
won't
78%
ain't
76%
wanna
76%
could
73%
I'm
71%
other
71%
payback
71%
play
71%
scared?
71%
go
68%
motherfuckers
68%
them
68%
but
66%
sayin'
61%
sick
61%
and
59%
of
59%
we
56%
another
49%
Just
49%
just
49%
know,
49%
know
49%
lonely
49%
road,
49%
road
49%
to
49%
Growin'
46%
Down
44%
glo?
39%
glo
39%
gotta
39%
home
27%
No matching quizzes found
Score Distribution
Percent of People with Each Score
Percentile by Number Answered
Your Score History
You have not taken this quiz